000
00308 a2200121 4500
040
_a
DLC
_b
DLC
082
_a
629.8
100
_a
Dukkipati, Rao V.
245
_a
Control System
_c
Rao V Dukkipati
260
_a
New Delhi
_b
Narosa Publishing House
_c
2005
650
_a
Automatic Control
942
_c
BK
_k
629.8 DUK
_2
ddc
999
_c
8880
_d
8880